00350nam a2200145Ia 4500008004100000020002200041041000800063082001200071100001500083245003000098260003300128300000900161500001700170650001700187220803s9999 xx 000 0 und d a978-0-465-06710-7 aeng a720 NOR aNorman D A aDesign Of Everyday Things aAmericabPerseus Booksc2002 a257p aArchitecture aArchitecture